A személyes értékesítés ereje a digitális világban – Kommunikációs stratégiák és hatékonyság a telekommunikációs piacon
| Main Author: | |
|---|---|
| Other Authors: | |
| Format: | Thesis |
| Kulcsszavak: | emberi kommunikáció értékesítés értékesítési tevékenység interperszonális kommunikáció telekommunikáció Yettel |
| Online Access: | http://dolgozattar.uni-bge.hu/60262 |
MARC
| LEADER | 00000nta a2200000 i 4500 | ||
|---|---|---|---|
| 001 | dolg60262 | ||
| 005 | 20260409150218.0 | ||
| 008 | 260409suuuu hu om 000 hun d | ||
| 040 | |a BGE Dolgozattár Repozitórium |b hun | ||
| 041 | |a hu | ||
| 100 | 1 | |a Babik Ádám | |
| 245 | 1 | 2 | |a A személyes értékesítés ereje a digitális világban – Kommunikációs stratégiák és hatékonyság a telekommunikációs piacon |c Babik Ádám |h [elektronikus dokumentum] |
| 520 | 3 | |a A 21. század egyik legnagyobb kihívása a vállalatok számára, hogy hogyan tudnak megfelelően alkalmazkodni a folyamatosan változó fogyasztói igényekhez és technológiai fejlődéshez. Az elmúlt években a digitalizáció térnyerésével párhuzamosan az értékesítési gyakorlat is jelentős átalakuláson ment keresztül, amely így képes hatékonyan kiszolgálni a gyors, kényelmes és személyre szabott vásárlói elvárásokat. Felmerülhet a kérdés, hogy vajon háttérbe szorul-e az emberi kapcsolatokra felépített személyes értékesítés ebben az új környezetben. Bár a digitális csatornák és az automatizált rendszerek jó megoldást nyújtanak, továbbra is nélkülözhetetlen szerepet tölt be a közvetlen kommunikáció és az empátia. Az emberi kapcsolatokon alapuló, személyes értékesítés szerepe a mai világban is kulcsfontosságú, különösen azokban az iparágakban, ahol a döntési folyamat hosszabb, a szolgáltatás komplexebb, vagy a bizalom megteremtése elengedhetetlen – mint például a telekommunikációs szektorban. | |
| 695 | |a emberi kommunikáció | ||
| 695 | |a értékesítés | ||
| 695 | |a értékesítési tevékenység | ||
| 695 | |a interperszonális kommunikáció | ||
| 695 | |a telekommunikáció | ||
| 695 | |a Yettel | ||
| 700 | 1 | |a Sarkadi Katalin |e ths | |
| 856 | 4 | 0 | |u http://dolgozattar.uni-bge.hu/60262/1/A%20szeme%CC%81lyes%20e%CC%81rte%CC%81kesi%CC%81te%CC%81s%20ereje%20a%20digita%CC%81lis%20vila%CC%81gban%20%E2%80%93%20Kommunika%CC%81cio%CC%81s%20strate%CC%81gia%CC%81k%20e%CC%81s%20hate%CC%81konysa%CC%81g%20a%20telekommunika%CC%81cio%CC%81s%20piacon%20-%20Ve%CC%81gleges.pdf |z Dokumentum-elérés |
| 856 | 4 | 0 | |u http://dolgozattar.uni-bge.hu/60262/2/Titkosi%CC%81ta%CC%81si.pdf |z Dokumentum-elérés |
| 856 | 4 | 0 | |u http://dolgozattar.uni-bge.hu/60262/3/Eredetise%CC%81gi.pdf |z Dokumentum-elérés |
| 856 | 4 | 0 | |u http://dolgozattar.uni-bge.hu/60262/4/BA%20KM%20magyar%20bi%CC%81ra%CC%81lati%20lap%20BELSO%CC%8B_Babik_A%CC%81da%CC%81m_SarkadiKatalin_2025_05_26.pdf |z Dokumentum-elérés |
| 856 | 4 | 0 | |u http://dolgozattar.uni-bge.hu/60262/5/BA_KM_magyar_Babik_%C3%81d%C3%A1m.pdf |z Dokumentum-elérés |